Japan Immigration By Country - Extreme - Statistics

General Stats
  • This quiz has been taken 50 times
  • The average score is 30 of 33
Answer Stats
Total Country % Correct
874,280 China
100%
67,990 India
100%
32,270 Pakistan
100%
15,060 Russia
100%
409,250 South Korea
100%
65,380 Thailand
100%
21,140 United Kingdom
100%
35,080 Bangladesh
97%
245,600 Brazil
97%
23,110 Cambodia
97%
199,890 Indonesia
97%
10,990 Laos
97%
6,120 Mexico
97%
68,120 United States
97%
634,360 Vietnam
97%
11,960 Malaysia
94%
70,410 Taiwan
94%
26,820 Australia
92%
12,260 Canada
92%
16,250 France
92%
9,020 Germany
92%
342,520 Philippines
92%
135,680 Myanmar
89%
221,300 Nepal
89%
53,280 Peru
89%
6,340 Italy
86%
5,300 New Zealand
86%
20,250 Mongolia
83%
7,500 Chile
81%
63,460 Sri Lanka
81%
6,880 Ukraine
81%
5,100 Papua New Guinea
56%
11,550 Bolivia
31%
No matching quizzes found
Score Distribution
Percent of People with Each Score
Percentile by Number Answered
Your Score History
You have not taken this quiz